| 000 | 00640nam a22002297a 4500 | ||
|---|---|---|---|
| 001 | 14438 | ||
| 003 | BD-JhCC | ||
| 005 | 20251117115008.0 | ||
| 008 | 251117b |||||||| |||| 00| 0 eng d | ||
| 020 | _a9780141397726 | ||
| 035 | _a(BD-JhCC) 14438 | ||
| 040 |
_aBD-JhCC _dBD-JhCC |
||
| 041 | _aeng | ||
| 082 |
_223 _a895.63 _bAKU |
||
| 100 | _aAkutagawa, Ryƫnosuke | ||
| 245 |
_aThe life of a stupid man / _cRyƫnosuke Akutagawa |
||
| 260 |
_aLondon: _b Penguin Classics, _c2015 |
||
| 300 |
_a54p.; _c17 cm. _ePaper |
||
| 490 |
_a Penguin little black classics _vN,56 |
||
| 650 | _aAutobiographical fiction, Japanese | ||
| 942 |
_2ddc _cBK |
||
| 999 |
_c14438 _d14438 |
||